[Event "Bad Woerishofen Seniors op 36th"]
[Site "Bad Woerishofen"]
[Date "2020.03.11"]
[Round "7"]
[White "Plischke, Berthold"]
[Black "Daeubler, Heinrich"]
[Result "0-1"]
[WhiteElo "1935"]
[BlackElo "2127"]
[PlyCount "34"]
[EventDate "2020.03.05"]
[EventType "swiss"]
[EventRounds "9"]
[EventCountry "GER"]
[SourceTitle "CBM 195 Extra"]
[Source "ChessBase"]
[SourceDate "2020.05.31"]
[SourceVersion "1"]
[SourceVersionDate "2020.05.31"]
[SourceQuality "1"]

1. e4 g6 2. d4 Bg7 3. Be3 d6 4. Nc3 a6 5. Qd2 b5 6. Bd3 Bb7 7. 0-0-0 Nd7 8. h4 c5 9. Be2 b4 10. Na4 Bc6 11. b3 Bxa4 12. bxa4 Qa5 13. dxc5 Qxa4 14. Bd4 e5 15. Be3 Ngf6 16. Qxd6 Nxe4 17. Qd5 Qa3+ 0-1

[Event "Bad Woerishofen Seniors op 32nd"]
[Site "Bad Woerishofen"]
[Date "2016.03.05"]
[Round "9"]
[White "Zunker, Reinhard"]
[Black "Plischke, Berthold"]
[Result "0-1"]
[WhiteElo "2153"]
[BlackElo "1953"]
[PlyCount "70"]
[EventDate "2016.02.26"]
[EventType "swiss"]
[EventRounds "9"]
[EventCountry "GER"]
[SourceTitle "EXT 2019"]
[Source "ChessBase"]
[SourceDate "2018.10.10"]
[SourceVersion "1"]
[SourceVersionDate "2018.10.10"]
[SourceQuality "1"]

1. e4 e6 2. Nf3 d5 3. Nc3 Nf6 4. Qe2 Nxe4 5. Nxe4 dxe4 6. Qxe4 Qd5 7. Qh4 Be7 8. Qg3 0-0 9. Qxc7 Nc6 10. Qf4 e5 11. Qc4 Be6 12. Qxd5 Bxd5 13. a3 e4 14. Ng1 Nd4 15. Kd1 Rac8 16. c4 Bc6 17. b3 Nxb3 18. Rb1 Nc5 19. f3 Nd3 20. Bxd3 exd3 21. Ke1 Bc5 22. Kf1 Rce8 23. Bb2 Re6 24. Bc3 Rfe8 25. Nh3 Re2 26. Rd1 g5 27. Bb4 Bd4 28. Bc3 Bb6 29. Bb4 g4 30. c5 gxh3 31. Rg1 hxg2+ 32. Rxg2+ Rxg2 33. Kxg2 Re2+ 34. Kg3 Bc7+ 35. f4 Rg2+ 0-1

[Event "Bad Woerishofen Seniors op 32nd"]
[Site "Bad Woerishofen"]
[Date "2016.03.03"]
[Round "7"]
[White "Rahn, Oskar"]
[Black "Plischke, Berthold"]
[Result "1-0"]
[WhiteElo "2091"]
[BlackElo "1953"]
[PlyCount "79"]
[EventDate "2016.02.26"]
[EventType "swiss"]
[EventRounds "9"]
[EventCountry "GER"]
[SourceTitle "EXT 2019"]
[Source "ChessBase"]
[SourceDate "2018.10.10"]
[SourceVersion "1"]
[SourceVersionDate "2018.10.10"]
[SourceQuality "1"]

1. e4 e6 2. d4 d5 3. Nd2 Nf6 4. e5 Nfd7 5. Ngf3 c5 6. c3 Nc6 7. Bd3 Qb6 8. dxc5 Bxc5 9. Qe2 f6 10. exf6 Nxf6 11. Nb3 Bd6 12. Be3 Qc7 13. Bc5 Bxc5 14. Nxc5 0-0 15. Bc2 e5 16. h3 b6 17. Nb3 Nh5 18. Qd3 Nf6 19. Qd2 Kh8 20. 0-0-0 a5 21. a4 Ba6 22. Ng5 Rae8 23. f4 exf4 24. Rhe1 Ne5 25. Nd4 Bc8 26. Qf2 h6 27. Ngf3 Ne4 28. Qh4 Ng6 29. Qh5 Rf6 30. Qxd5 Bb7 31. Qb5 Qc8 32. Nd2 Ba6 33. Qd5 Nf2 34. Rxe8+ Qxe8 35. Ne4 Nxd1 36. Nxf6 Qe3+ 37. Kb1 gxf6 38. Qa8+ Kg7 39. Nf5+ Kf7 40. Nxe3 1-0

[Event "GER-chA Seniors 27th"]
[Site "Magdeburg"]
[Date "2015.08.19"]
[Round "5"]
[White "Plischke, Berthold"]
[Black "Fleischer, Martin"]
[Result "0-1"]
[WhiteElo "1997"]
[BlackElo "1859"]
[PlyCount "88"]
[EventDate "2015.08.15"]
[EventType "swiss"]
[EventRounds "9"]
[EventCountry "GER"]
[SourceTitle "EXT 2018"]
[Source "ChessBase"]
[SourceDate "2017.10.13"]
[SourceVersion "1"]
[SourceVersionDate "2017.10.13"]
[SourceQuality "1"]

1. e4 e6 2. d4 d5 3. Nc3 dxe4 4. Nxe4 Nd7 5. Nf3 Be7 6. Bd3 Ngf6 7. Neg5 h6 8. Nh3 b6 9. Ne5 Nxe5 10. dxe5 Nd5 11. Qg4 g5 12. Be4 Rb8 13. 0-0 Bb7 14. c4 Nb4 15. Bxb7 Rxb7 16. Be3 c5 17. Rad1 Qc7 18. f4 h5 19. Qe2 g4 20. Nf2 Nxa2 21. Ne4 Qc6 22. Bf2 Rd7 23. Bg3 Rd4 24. Rxd4 cxd4 25. f5 Nb4 26. fxe6 fxe6 27. Nf6+ Kd8 28. Rd1 d3 29. Be1 Kc8 30. Qf1 Qc5+ 31. Kh1 Qxe5 32. Bc3 Qe2 33. Nd5 Nxd5 34. Bxh8 Qxf1+ 35. Rxf1 Ne3 36. Rf2 Nxc4 37. Rf4 d2 38. Rd4 Bc5 39. Rd3 Be3 40. Bd4 Bxd4 41. Rxd4 e5 42. Rd5 e4 43. Kg1 e3 44. Kf1 Nxb2 0-1

[Event "GER-chA Seniors 27th"]
[Site "Magdeburg"]
[Date "2015.08.17"]
[Round "3"]
[White "Plischke, Berthold"]
[Black "Knaak, Joachim"]
[Result "0-1"]
[WhiteElo "1997"]
[BlackElo "2130"]
[PlyCount "54"]
[EventDate "2015.08.15"]
[EventType "swiss"]
[EventRounds "9"]
[EventCountry "GER"]
[SourceTitle "EXT 2018"]
[Source "ChessBase"]
[SourceDate "2017.10.13"]
[SourceVersion "1"]
[SourceVersionDate "2017.10.13"]
[SourceQuality "1"]

1. e4 c5 2. Nf3 d6 3. d4 cxd4 4. Nxd4 Nf6 5. Nc3 g6 6. Be2 Bg7 7. Be3 0-0 8. Qd2 Nc6 9. h4 Qa5 10. Nb3 Qc7 11. h5 Be6 12. Bh6 Ne5 13. Nb5 Qd7 14. Bxg7 Kxg7 15. hxg6 fxg6 16. N3d4 Bf7 17. Qh6+ Kh8 18. f4 Neg4 19. Bxg4 Qxg4 20. Nf3 Qg3+ 21. Kf1 Bc4+ 22. Kg1 Bxb5 23. Rh3 Qg4 24. Rh4 Qe6 25. e5 dxe5 26. fxe5 Nh5 27. Rxh5 Qb6+ 0-1

[Event "Schleswig Holstein-ch Seniors op"]
[Site "Buesum"]
[Date "2014.10.03"]
[Round "9"]
[White "Plischke, Berthold"]
[Black "Villing, Dieter"]
[Result "1/2-1/2"]
[WhiteElo "2025"]
[BlackElo "2169"]
[PlyCount "99"]
[EventDate "2014.09.25"]
[EventType "swiss"]
[EventRounds "9"]
[EventCountry "GER"]
[SourceTitle "EXT 2018"]
[Source "ChessBase"]
[SourceDate "2017.10.13"]
[SourceVersion "1"]
[SourceVersionDate "2017.10.13"]
[SourceQuality "1"]

1. e4 c5 2. Nf3 Nc6 3. d4 cxd4 4. Nxd4 Nf6 5. Nc3 e6 6. Ndb5 Bc5 7. Bf4 0-0 8. e5 Ne8 9. Ne4 Be7 10. Qh5 a6 11. Bd3 Nb4 12. Nbd6 Nxd3+ 13. cxd3 Qa5+ 14. b4 Qd5 15. Rc1 Nxd6 16. Rc5 Qxd3 17. Nxd6 Bxd6 18. exd6 Qb1+ 19. Rc1 Qxb4+ 20. Bd2 Qxd6 21. h4 f6 22. Bc3 b5 23. 0-0 Bb7 24. Rfd1 Qa3 25. Qg4 Bd5 26. Bb4 Qa4 27. Rd4 Rfc8 28. Rxc8+ Rxc8 29. Bf8 Kxf8 30. Rxa4 bxa4 31. Qxa4 Rc1+ 32. Kh2 Rc4 33. Qxd7 Rxh4+ 34. Kg3 Rc4 35. Qd6+ Kf7 36. Qxa6 h5 37. f3 g5 38. a4 f5 39. a5 h4+ 40. Kh3 Rc1 41. Kh2 g4 42. fxg4 fxg4 43. Qe2 g3+ 44. Kh3 Rh1+ 45. Kg4 Rh2 46. Qf1+ Ke7 47. Qf4 Bxg2 48. Qc7+ Ke8 49. Kg5 Bd5 50. Qc8+ 1/2-1/2

[Event "Schleswig Holstein-ch Seniors op"]
[Site "Buesum"]
[Date "2014.10.02"]
[Round "8"]
[White "Pape, Manfred"]
[Black "Plischke, Berthold"]
[Result "0-1"]
[WhiteElo "2166"]
[BlackElo "2025"]
[PlyCount "96"]
[EventDate "2014.09.25"]
[EventType "swiss"]
[EventRounds "9"]
[EventCountry "GER"]
[SourceTitle "EXT 2018"]
[Source "ChessBase"]
[SourceDate "2017.10.13"]
[SourceVersion "1"]
[SourceVersionDate "2017.10.13"]
[SourceQuality "1"]

1. e4 e6 2. d3 d5 3. Nd2 Nc6 4. Ngf3 e5 5. Be2 Be6 6. 0-0 Be7 7. c3 Qd7 8. Qa4 Bf6 9. Re1 Nge7 10. b4 Ng6 11. Nb3 Be7 12. b5 Nd8 13. Ba3 b6 14. Bxe7 Qxe7 15. exd5 Bxd5 16. c4 Bb7 17. d4 a6 18. d5 0-0 19. bxa6 Rxa6 20. Qb5 Ra3 21. c5 Bxd5 22. cxb6 Bc6 23. bxc7 Bxb5 24. c8Q Ne6 25. Qc3 Bxe2 26. Rxe2 Nef4 27. Rd2 Rfa8 28. g3 Nh3+ 29. Kg2 Ng5 30. h4 Ne4 31. Qc6 Nxd2 32. Nfxd2 R3a6 33. Qe4 Ra4 34. Qc6 e4 35. Re1 Ne5 36. Qd5 Rd8 37. Qb5 Rb4 38. Qa5 Nd3 39. Re3 g6 40. a3 Rbb8 41. Rxe4 Qb7 42. f3 Ra8 43. Qg5 Re8 44. h5 Ne1+ 45. Kf2 Nxf3 46. Kxf3 Rxe4 47. Nxe4 Qxb3+ 48. Kg2 Qb7 0-1

[Event "Schleswig Holstein-ch Seniors op"]
[Site "Buesum"]
[Date "2014.10.01"]
[Round "7"]
[White "Plischke, Berthold"]
[Black "Rosen, Willy"]
[Result "1/2-1/2"]
[WhiteElo "2025"]
[BlackElo "2234"]
[PlyCount "47"]
[EventDate "2014.09.25"]
[EventType "swiss"]
[EventRounds "9"]
[EventCountry "GER"]
[SourceTitle "EXT 2018"]
[Source "ChessBase"]
[SourceDate "2017.10.13"]
[SourceVersion "1"]
[SourceVersionDate "2017.10.13"]
[SourceQuality "1"]

1. e4 c5 2. Nf3 Nc6 3. d4 cxd4 4. Nxd4 Qb6 5. Nb5 a6 6. Be3 Qd8 7. N5c3 e6 8. Nd2 b5 9. a3 Nf6 10. Bd3 Bb7 11. Nb3 d6 12. 0-0 Be7 13. f4 0-0 14. Qf3 Qc7 15. Nd4 Rfe8 16. Qh3 Nxd4 17. Bxd4 e5 18. Be3 Bf8 19. Rf3 d5 20. fxe5 Nxe4 21. Raf1 Rxe5 22. Rxf7 Re7 23. R7f4 g5 24. Rf5 1/2-1/2

[Event "Schleswig Holstein-ch Seniors op"]
[Site "Buesum"]
[Date "2014.09.28"]
[Round "4"]
[White "Plischke, Berthold"]
[Black "Burckhardt, Karl"]
[Result "1-0"]
[WhiteElo "2025"]
[BlackElo "1938"]
[PlyCount "87"]
[EventDate "2014.09.25"]
[EventType "swiss"]
[EventRounds "9"]
[EventCountry "GER"]
[SourceTitle "EXT 2018"]
[Source "ChessBase"]
[SourceDate "2017.10.13"]
[SourceVersion "1"]
[SourceVersionDate "2017.10.13"]
[SourceQuality "1"]

1. e4 d6 2. d4 Nf6 3. Nc3 e5 4. Nf3 Nbd7 5. Bc4 Be7 6. Bxf7+ Kxf7 7. Ng5+ Kg8 8. Ne6 Qe8 9. Nxc7 Qg6 10. dxe5 Qxg2 11. exf6 Qxh1+ 12. Ke2 Qxd1+ 13. Kxd1 Nxf6 14. Nxa8 Bg4+ 15. Ke1 Kf7 16. Nc7 Bf3 17. Bf4 Nxe4 18. N3b5 Rc8 19. c3 a6 20. Nd4 Bh5 21. Nd5 Bh4 22. Bg3 Nxg3 23. fxg3 Bg5 24. Kf2 Re8 25. Re1 Re5 26. Ne3 Bg6 27. Nf3 Bxe3+ 28. Rxe3 Rxe3 29. Kxe3 Ke6 30. Kd4 h6 31. Nd2 Bf7 32. a3 g5 33. Nc4 h5 34. Na5 b6 35. Nc6 Kf5 36. Ne7+ Kg4 37. Nc8 Kh3 38. Nxd6 Bg6 39. Ne4 Bxe4 40. Kxe4 Kg2 41. Kf5 g4 42. Kg5 Kxh2 43. Kh4 Kg2 44. c4 1-0

[Event "Schleswig Holstein-ch Seniors op"]
[Site "Buesum"]
[Date "2014.09.27"]
[Round "3"]
[White "Fleischer, Martin"]
[Black "Plischke, Berthold"]
[Result "0-1"]
[WhiteElo "1898"]
[BlackElo "2025"]
[PlyCount "54"]
[EventDate "2014.09.25"]
[EventType "swiss"]
[EventRounds "9"]
[EventCountry "GER"]
[SourceTitle "EXT 2018"]
[Source "ChessBase"]
[SourceDate "2017.10.13"]
[SourceVersion "1"]
[SourceVersionDate "2017.10.13"]
[SourceQuality "1"]

1. e4 e6 2. d4 d5 3. exd5 exd5 4. Nf3 Bd6 5. Bd3 Nc6 6. 0-0 Bg4 7. c3 Qd7 8. Nbd2 0-0-0 9. Qc2 Nge7 10. Re1 Ng6 11. b4 f6 12. h3 Bxh3 13. gxh3 Nce7 14. Rxe7 Nxe7 15. Kg2 g5 16. Ng1 h5 17. Nb3 Rdg8 18. Nc5 Qd8 19. Qa4 Kb8 20. Qb5 Qc8 21. Bd2 h4 22. Nd7+ Ka8 23. Nxf6 g4 24. Nxg8 gxh3+ 25. Kh1 Rxg8 26. Bf1 Rxg1+ 27. Kxg1 Qg4+ 0-1

[Event "GER-chA Seniors 26th"]
[Site "Bad Neuenahr"]
[Date "2014.08.09"]
[Round "5"]
[White "Plischke, Berthold"]
[Black "Haase, Wolfgang"]
[Result "0-1"]
[WhiteElo "2020"]
[BlackElo "2124"]
[PlyCount "48"]
[EventDate "2014.08.05"]
[EventType "swiss"]
[EventRounds "9"]
[EventCountry "GER"]
[SourceTitle "EXT 2018"]
[Source "ChessBase"]
[SourceDate "2017.10.13"]
[SourceVersion "1"]
[SourceVersionDate "2017.10.13"]
[SourceQuality "1"]

1. e4 c5 2. Nf3 a6 3. c4 Nc6 4. d4 cxd4 5. Nxd4 d6 6. Nc3 Nf6 7. Be2 e6 8. g4 h6 9. g5 hxg5 10. Bxg5 Qa5 11. Bxf6 gxf6 12. Qd2 Bh6 13. f4 Nxd4 14. Qxd4 Bxf4 15. Qxf6 Be5 16. Qf3 Bd7 17. 0-0-0 0-0-0 18. Kb1 f5 19. Qd3 Bc6 20. Bf3 Rh3 21. Qf1 Rdh8 22. Rc1 Qb6 23. Qg2 Rxf3 24. Qxf3 Bxe4+ 0-1

[Event "GER-chA Seniors 26th"]
[Site "Bad Neuenahr"]
[Date "2014.08.05"]
[Round "1"]
[White "Mueller, Rudolf"]
[Black "Plischke, Berthold"]
[Result "1-0"]
[WhiteElo "2177"]
[BlackElo "2020"]
[PlyCount "33"]
[EventDate "2014.08.05"]
[EventType "swiss"]
[EventRounds "9"]
[EventCountry "GER"]
[SourceTitle "EXT 2018"]
[Source "ChessBase"]
[SourceDate "2017.10.13"]
[SourceVersion "1"]
[SourceVersionDate "2017.10.13"]
[SourceQuality "1"]

1. e4 e6 2. d4 d5 3. e5 c5 4. c3 Nc6 5. Nf3 Bd7 6. dxc5 Bxc5 7. Bd3 Qc7 8. Bf4 Nh6 9. 0-0 Ng4 10. b4 Be7 11. Re1 g5 12. Bg3 h5 13. b5 Na5 14. Nd4 Nc4 15. h3 Ngxe5 16. Bxc4 dxc4 17. Bxe5 1-0

[Event "Bad Woerishofen Seniors op 30th"]
[Site "Bad Woerishofen"]
[Date "2014.03.29"]
[Round "9"]
[White "Plischke, Berthold"]
[Black "Blosze, Winfried"]
[Result "1-0"]
[WhiteElo "2028"]
[BlackElo "1857"]
[PlyCount "21"]
[EventDate "2014.03.21"]
[EventType "swiss"]
[EventRounds "9"]
[EventCountry "GER"]
[SourceTitle "EXT 2019"]
[Source "ChessBase"]
[SourceDate "2018.10.10"]
[SourceVersion "1"]
[SourceVersionDate "2018.10.10"]
[SourceQuality "1"]

1. e4 e5 2. Nf3 Nc6 3. d4 exd4 4. Bc4 Be7 5. c3 Nf6 6. e5 Ne4 7. Bd5 Ng5 8. Nxg5 Bxg5 9. Qh5 g6 10. Qxg5 Qxg5 11. Bxg5 1-0

[Event "Bad Woerishofen Seniors op 30th"]
[Site "Bad Woerishofen"]
[Date "2014.03.27"]
[Round "7"]
[White "Huhn, Ulrich"]
[Black "Plischke, Berthold"]
[Result "1-0"]
[WhiteElo "1908"]
[BlackElo "2028"]
[PlyCount "73"]
[EventDate "2014.03.21"]
[EventType "swiss"]
[EventRounds "9"]
[EventCountry "GER"]
[SourceTitle "EXT 2019"]
[Source "ChessBase"]
[SourceDate "2018.10.10"]
[SourceVersion "1"]
[SourceVersionDate "2018.10.10"]
[SourceQuality "1"]

1. d4 e6 2. Nc3 d5 3. Nf3 Nf6 4. Bg5 c5 5. e4 dxe4 6. Nxe4 cxd4 7. Bxf6 gxf6 8. Qxd4 Qa5+ 9. c3 Be7 10. Nxf6+ Bxf6 11. Qxf6 0-0 12. Bd3 Qh5 13. g4 Nd7 14. Qf4 e5 15. Qe3 Qh3 16. Rg1 Nc5 17. Bf5 e4 18. Rg3 Nd3+ 19. Ke2 exf3+ 20. Kxd3 Qh4 21. Qxf3 Be6 22. Kc2 Rad8 23. Rd1 Rxd1 24. Qxd1 Qxh2 25. Rf3 Bxa2 26. b3 Qc7 27. Kb2 Qa5 28. Qh1 Ra8 29. Qxh7+ Kf8 30. Qh8+ Ke7 31. Qxa8 Bxb3 32. Qxb7+ Kf8 33. Qb4+ Qxb4 34. cxb4 Ba4 35. Ra3 Bd1 36. Rxa7 Bf3 37. b5 1-0

[Event "Bad Woerishofen Seniors op 30th"]
[Site "Bad Woerishofen"]
[Date "2014.03.21"]
[Round "1"]
[White "Plischke, Berthold"]
[Black "Wawrinsky, Ludwig"]
[Result "1-0"]
[WhiteElo "2028"]
[BlackElo "1817"]
[PlyCount "29"]
[EventDate "2014.03.21"]
[EventType "swiss"]
[EventRounds "9"]
[EventCountry "GER"]
[SourceTitle "EXT 2019"]
[Source "ChessBase"]
[SourceDate "2018.10.10"]
[SourceVersion "1"]
[SourceVersionDate "2018.10.10"]
[SourceQuality "1"]

1. e4 e6 2. d4 b6 3. c4 c5 4. d5 d6 5. Bd3 e5 6. f4 exf4 7. Bxf4 Qf6 8. Qd2 h6 9. Nf3 Nd7 10. Nc3 Ne7 11. Nb5 Ng6 12. Bg3 Kd8 13. 0-0 a6 14. Nfd4 Qg5 15. Nc6+ 1-0

[Event "Berlin-ch Seniors op 30th"]
[Site "Berlin"]
[Date "2014.02.02"]
[Round "4"]
[White "Windmueller, Werner"]
[Black "Plischke, Berthold"]
[Result "0-1"]
[WhiteElo "1581"]
[BlackElo "1813"]
[PlyCount "90"]
[EventDate "2014.01.30"]
[EventType "swiss"]
[EventRounds "9"]
[EventCountry "GER"]
[SourceTitle "EXT 2018"]
[Source "ChessBase"]
[SourceDate "2017.10.13"]
[SourceVersion "1"]
[SourceVersionDate "2017.10.13"]
[SourceQuality "1"]

1. d4 f5 2. c4 Nf6 3. Nc3 e6 4. a3 Be7 5. Nf3 b6 6. e3 Bb7 7. Be2 0-0 8. d5 Qe8 9. Nb5 Na6 10. d6 cxd6 11. Nxd6 Bxd6 12. Qxd6 Ne4 13. Qd1 Nac5 14. Qc2 a5 15. b3 a4 16. bxa4 Qg6 17. Rg1 Rfc8 18. Bb2 Nxa4 19. Bd4 b5 20. Qb3 d6 21. Rd1 Qf7 22. Nd2 Nxd2 23. Rxd2 e5 24. Ba1 bxc4 25. Qd1 c3 26. Rxd6 c2 27. Qc1 Qa2 28. f3 Qxa1 29. Rd8+ Kf7 30. Qxa1 c1Q+ 31. Qxc1 Rxc1+ 32. Rd1 Rxd1+ 33. Kxd1 Nc3+ 34. Ke1 Rxa3 35. Bc4+ Bd5 36. Bxd5+ Nxd5 37. e4 Ra1+ 38. Kf2 Rxg1 39. Kxg1 fxe4 40. fxe4 Nf6 41. Kf2 Nxe4+ 42. Ke3 Nd6 43. g3 Kf6 44. Kf3 h5 45. h4 Kf5 0-1

[Event "Hessen-ch Seniors op 09th"]
[Site "Bad Sooden-Allendorf"]
[Date "2013.04.28"]
[Round "9"]
[White "Plischke, Berthold"]
[Black "Hesse, Klaus Dieter"]
[Result "1/2-1/2"]
[WhiteElo "2063"]
[BlackElo "1927"]
[PlyCount "73"]
[EventDate "2013.04.20"]
[EventType "swiss"]
[EventRounds "9"]
[EventCountry "GER"]
[SourceTitle "EXT 2019"]
[Source "ChessBase"]
[SourceDate "2018.10.10"]
[SourceVersion "1"]
[SourceVersionDate "2018.10.10"]
[SourceQuality "1"]

1. e4 e5 2. Nf3 Nf6 3. Nxe5 d6 4. Nf3 Nxe4 5. Nc3 Nxc3 6. dxc3 g6 7. Bg5 Be7 8. Bh6 Nc6 9. Qd2 Bg4 10. Ng5 Bxg5 11. Bxg5 f6 12. Be3 Be6 13. 0-0-0 Kf7 14. f4 Qd7 15. Bd3 Rae8 16. Rdf1 h5 17. h3 Bf5 18. Bc4+ Be6 19. Be2 Bf5 20. Bf3 Be6 21. Rhg1 f5 22. Qf2 Bc4 23. Re1 a5 24. b3 Be6 25. Re2 Kg8 26. Rge1 Bf7 27. Bxc6 bxc6 28. Bd4 Rh7 29. Qh4 Rxe2 30. Rxe2 Be8 31. c4 c5 32. Bc3 a4 33. Bf6 axb3 34. axb3 c6 35. Qg5 d5 36. Be7 Bf7 37. Qf6 1/2-1/2

[Event "Bad Harzburg Seniors op 13th"]
[Site "Bad Harzburg"]
[Date "2012.11.01"]
[Round "4"]
[White "Plischke, Berthold"]
[Black "Selig, Rainer"]
[Result "0-1"]
[WhiteElo "1868"]
[BlackElo "1974"]
[PlyCount "106"]
[EventDate "2012.10.30"]
[EventType "swiss"]
[EventRounds "6"]
[EventCountry "GER"]
[SourceTitle "EXT 2014"]
[Source "ChessBase"]
[SourceDate "2013.11.20"]
[SourceVersion "1"]
[SourceVersionDate "2013.11.20"]
[SourceQuality "1"]

1. e4 c5 2. Nf3 d6 3. d4 cxd4 4. Nxd4 Nf6 5. Nc3 g6 6. Be2 Bg7 7. Be3 0-0 8. Qd2 Nc6 9. h4 h5 10. 0-0-0 Nxd4 11. Bxd4 Be6 12. f3 Rc8 13. Kb1 Re8 14. g4 Qa5 15. gxh5 Rxc3 16. Qxc3 Qxa2+ 17. Kc1 Rc8 18. Qa3 Bh6+ 19. Rd2 Qxa3 20. bxa3 Nxh5 21. Rg1 Bxd2+ 22. Kxd2 Bc4 23. Rb1 b6 24. Bd1 Nf4 25. a4 Rc7 26. Rb2 f6 27. Be3 Ne6 28. f4 Nc5 29. Bf3 Nxa4 30. Rb1 e5 31. Rg1 Kh7 32. f5 gxf5 33. exf5 Rg7 34. Rxg7+ Kxg7 35. h5 Bf7 36. h6+ Kh7 37. c4 Nb2 38. Kc3 Nxc4 39. Bc1 d5 40. Kb4 a5+ 41. Kb5 Be8+ 42. Ka6 Bc6 43. Be2 b5 44. Bh5 b4 45. Bg6+ Kh8 46. Bg5 fxg5 47. f6 Nd6 48. Kb6 Be8 49. Bxe8 b3 50. Kc6 b2 51. Bg6 Nf7 52. Kd7 Nxh6 53. Ke6 e4 0-1

[Event "Niedersachsen-ch Seniors op 14th"]
[Site "Bad Bevensen"]
[Date "2011.07.13"]
[Round "9"]
[White "Niebling, Ferdinand"]
[Black "Plischke, Berthold"]
[Result "1-0"]
[WhiteElo "2018"]
[BlackElo "1887"]
[PlyCount "39"]
[EventDate "2011.07.05"]
[EventType "swiss"]
[EventRounds "9"]
[EventCountry "GER"]
[SourceTitle "EXT 2012"]
[Source "ChessBase"]
[SourceDate "2011.11.24"]
[SourceVersion "1"]
[SourceVersionDate "2011.11.24"]
[SourceQuality "1"]

1. e4 e6 2. d4 d5 3. Nd2 Nf6 4. Bd3 c5 5. e5 Nfd7 6. c3 Nc6 7. Ne2 cxd4 8. cxd4 f6 9. exf6 e5 10. fxg7 Bxg7 11. dxe5 Ndxe5 12. Nb3 0-0 13. Bf4 Bg4 14. Bxe5 Nxe5 15. 0-0 Qh4 16. f3 Bxf3 17. gxf3 Nxf3+ 18. Rxf3 Rxf3 19. Ng3 Be5 20. Qxf3 1-0

[Event "Niedersachsen-ch Seniors op 14th"]
[Site "Bad Bevensen"]
[Date "2011.07.12"]
[Round "8"]
[White "Plischke, Berthold"]
[Black "Ahlberg, Guenter"]
[Result "1/2-1/2"]
[WhiteElo "1887"]
[BlackElo "1924"]
[PlyCount "53"]
[EventDate "2011.07.05"]
[EventType "swiss"]
[EventRounds "9"]
[EventCountry "GER"]
[SourceTitle "EXT 2012"]
[Source "ChessBase"]
[SourceDate "2011.11.24"]
[SourceVersion "1"]
[SourceVersionDate "2011.11.24"]
[SourceQuality "1"]

1. e4 c6 2. d4 d5 3. Nc3 dxe4 4. Nxe4 Bf5 5. Ng3 Bg6 6. Bc4 e6 7. N1e2 Bd6 8. 0-0 Nf6 9. f4 Qb6 10. f5 exf5 11. Nf4 0-0 12. h4 Bxf4 13. Bxf4 h6 14. h5 Bh7 15. Bxh6 gxh6 16. Rxf5 Nbd7 17. Qd2 Rae8 18. Raf1 Kg7 19. Qf4 Qd8 20. Bd3 Qe7 21. Re5 Nxe5 22. Bxh7 Kxh7 23. Nf5 Neg4 24. Nxe7 Rxe7 25. Qd6 Rfe8 26. Rxf6 Nxf6 27. Qxf6 1/2-1/2

[Event "Niedersachsen-ch Seniors op 14th"]
[Site "Bad Bevensen"]
[Date "2011.07.05"]
[Round "1"]
[White "Schulz, Hermann"]
[Black "Plischke, Berthold"]
[Result "0-1"]
[WhiteElo "1496"]
[BlackElo "1887"]
[PlyCount "24"]
[EventDate "2011.07.05"]
[EventType "swiss"]
[EventRounds "9"]
[EventCountry "GER"]
[SourceTitle "EXT 2012"]
[Source "ChessBase"]
[SourceDate "2011.11.24"]
[SourceVersion "1"]
[SourceVersionDate "2011.11.24"]
[SourceQuality "1"]

1. e4 e6 2. d4 d5 3. Nc3 Nf6 4. e5 Nfd7 5. f4 c5 6. Nf3 cxd4 7. Nxd4 a6 8. Be2 Qb6 9. Rb1 Bc5 10. Na4 Qa5+ 11. c3 Bxd4 12. Qxd4 Nc6 0-1

[Event "Bad Woerishofen Seniors op 27th"]
[Site "Bad Woerishofen"]
[Date "2011.03.30"]
[Round "8"]
[White "Plischke, Berthold"]
[Black "Zschorsch, Peter"]
[Result "1-0"]
[WhiteElo "2054"]
[BlackElo "1973"]
[PlyCount "43"]
[EventDate "2011.03.24"]
[EventType "swiss"]
[EventRounds "9"]
[EventCountry "GER"]
[SourceTitle "EXT 2012"]
[Source "ChessBase"]
[SourceDate "2011.11.24"]
[SourceVersion "1"]
[SourceVersionDate "2011.11.24"]
[SourceQuality "1"]

1. e4 d5 2. exd5 Qxd5 3. Nc3 Qd8 4. d4 Nf6 5. Nf3 g6 6. Bg5 Bg7 7. Qd2 h6 8. Bf4 a6 9. 0-0-0 Bg4 10. Be2 Nbd7 11. h3 Bf5 12. g4 Be4 13. Nxe4 Nxe4 14. Qe3 Nd6 15. Ne5 Nf8 16. c4 f6 17. c5 Nb5 18. Nc4 Qd5 19. Rhe1 Ne6 20. Bd3 Nbxd4 21. Bxg6+ Kd8 22. Rxd4 1-0

[Event "Bad Woerishofen Seniors op 27th"]
[Site "Bad Woerishofen"]
[Date "2011.03.25"]
[Round "2"]
[White "Plischke, Berthold"]
[Black "Rahls, Peter"]
[Result "0-1"]
[WhiteElo "2054"]
[BlackElo "2249"]
[PlyCount "60"]
[EventDate "2011.03.24"]
[EventType "swiss"]
[EventRounds "9"]
[EventCountry "GER"]
[SourceTitle "EXT 2012"]
[Source "ChessBase"]
[SourceDate "2011.11.24"]
[SourceVersion "1"]
[SourceVersionDate "2011.11.24"]
[SourceQuality "1"]

1. e4 c5 2. Nf3 e6 3. d4 cxd4 4. Nxd4 Nf6 5. Nc3 d6 6. Be2 a6 7. Be3 Nbd7 8. Qd2 b5 9. f3 Bb7 10. g4 Nb6 11. 0-0-0 Rc8 12. Bd3 Be7 13. Qf2 Nfd7 14. h4 d5 15. Nb3 b4 16. Ne2 Nc4 17. Bxc4 dxc4 18. Nbd4 Qa5 19. Kb1 Nc5 20. Qe1 0-0 21. g5 Qc7 22. h5 Rfd8 23. Qf1 e5 24. Nf5 Bf8 25. Rxd8 Rxd8 26. Neg3 Ne6 27. g6 b3 28. gxh7+ Kxh7 29. Qg1 bxc2+ 30. Kc1 Rd1+ 0-1

[Event "GER-ch Seniors 22nd"]
[Site "Berlin"]
[Date "2010.08.23"]
[Round "8"]
[White "Blab, Ludwig"]
[Black "Plischke, Berthold"]
[Result "1/2-1/2"]
[WhiteElo "2002"]
[BlackElo "1755"]
[PlyCount "34"]
[EventDate "2010.08.16"]
[EventType "swiss"]
[EventRounds "9"]
[EventCountry "GER"]
[SourceTitle "CBM 138 Extra"]
[Source "ChessBase"]
[SourceDate "2010.10.29"]
[SourceVersion "1"]
[SourceVersionDate "2010.10.29"]
[SourceQuality "1"]

1. c4 f5 2. d4 Nf6 3. Nf3 e6 4. g3 Be7 5. Bg2 0-0 6. 0-0 d6 7. Nc3 Ne4 8. Qc2 Nxc3 9. Qxc3 Bf6 10. Rb1 Nc6 11. b4 e5 12. e3 Qe8 13. Bd2 g5 14. b5 Nd8 15. Ne1 Ne6 16. Nc2 f4 17. f3 Qg6 1/2-1/2